Statystyki dla Pokemony typu... #14

Kliknij tutaj aby rozwiązać quiz!

Ogólne statystyki

  • Ten quiz został rozwiązany 32 razy
    (28 od ostatniego zresetowania)
  • Średni wynik to 19 z 61

Statystyki odpowiedzi

Pokemon% Poprawnych
Gengar
100%
Gigantamax Gengar
100%
Mega Gengar
100%
Haunter
88%
Gastly
85%
Banette
58%
Dusclops
58%
Mega Banette
54%
Misdreavus
54%
Duskull
50%
Mega Sableye
50%
Sableye
50%
Shuppet
50%
Drifblim
42%
Dusknoir
42%
Mismagius
42%
Drifloon
38%
Giratina (Alternatywna Forma)
38%
Giratina (Oryginalna Forma)
38%
Alolański Marowak
35%
Lampent
31%
Litwick
31%
Mimikyu (Forma Odkryta)
31%
Mimikyu (Forma Przebrana)
31%
Rotom
31%
Spiritomb
31%
Chandelure
27%
Galariański Yamask
27%
Yamask
27%
Aegislash
23%
Cofagrigus
23%
Galariańska Corsola
23%
Phantump
23%
Pumpkaboo
23%
Trevenant
23%
Doublade
19%
Frillish
19%
Honedge
19%
Cursola
15%
Decidueye
15%
Golett
15%
Gourgeist
15%
Hoopa (Forma Ograniczona)
15%
Jellicent
15%
Lunala
15%
Marshadow
15%
Dragapult
12%
Golurk
12%
Palossand
12%
Shedninja
12%
Blacephalon
8%
Dhelmise
8%
Drakloak
8%
Dreepy
8%
Necrozma Skrzydeł Świtu
8%
Oricorio (Styl Sensu)
8%
Polteageist
8%
Sandygast
8%
Spectrier
8%
Sinistea
4%
Runegirus
0%

Rozkład punktacji

Percentyl według liczby udzielonych odpowiedzi

Procent ludzi z każdym wynikiem

Twoja historia wyników

Nie rozwiązałeś tego quizu od ostatniego zresetowania